Bizden söylemesi-2- (Record no. 160)
[ view plain ]
| 000 -BAŞLIK | |
|---|---|
| Sabit Uzunlukta Kontrol Alanı | 01620na a2200301 4500 |
| 001 - KONTROL NUMARASI | |
| Denetim Alanı | 23041 |
| 003 - KONTROL NUMARASI IDENTIFIER | |
| Denetim Alanı | MIRAKIL |
| 005 - SON İŞLEM TARİHİ VE ZAMANI | |
| Denetim Alanı | 20181213154736.0 |
| 008 - SABİT-BOY VERİ ELEMANLARI - GENEL BİLGİLER | |
| Sabit Uzunlukta Kontrol Alanı | 170515b tu 000 0 |
| 020 ## - ULUSLARARASI STANDART KİTAP NUMARASI | |
| Uluslararası Standart Kitap Numarası | 9789944183086 |
| 040 ## - KATALOGLAMA KAYNAK | |
| Orijinal Kataloglama Ajansı | Milas |
| Kataloglama Dili | tur |
| Metne Dönüştürmek Ajansı | TR-AnCHP |
| 041 ## - DİL KODU | |
| Metin / Ses Parça Veya Ayrı Başlığın Dil Kodu | tur |
| 082 ## - DEWEY ONLU SINIFLANDIRMA NUMARASI | |
| Sınıflandırma Numarası | 327.1 |
| Ürün Numarası | A43b 2007 |
| 090 ## - SINIFLAMA NUMARASI | |
| Sınıflama Numarası | 327.1 A43b 2007 |
| 100 ## - ANA GİRİŞ - KİŞİSEL İSİM | |
| Kişisel Ad | Akgül, Ahmet |
| 245 ## - BAŞLIK TABLOSU | |
| Başlık | Bizden söylemesi-2- |
| Başlığın Kalan | Türkiye uçuruma sürükleniyor |
| Sorumluluk Tablosu, Vb | Ahmet Akgül |
| 246 ## - UNVAN FORM VARYING | |
| Başlık Doğru / Kısa Başlığı | Türkiye uçuruma sürükleniyor |
| 260 ## - YAYIN, DAĞITIM, VB | |
| Yayın, Dağıtım, Vb Yeri | İstanbul |
| Yayıncı, Dağıtıcı, Vs Adı | Bilge Karınca |
| Yayın, Dağıtım, Vb Tarihi | 2007 |
| Üretici Firma | Kuşak ofset |
| 300 ## - FİZİKSEL TANIM | |
| Kapsam | 855 s. |
| Boyutlar | 21 sm. |
| 440 ## - SERİSİ TABLOSU / KATMA GİRİŞİ - BAŞLIK | |
| Başlık | Bilge karınca |
| 490 ## - SERİSİ TABLOSU | |
| Seri Beyanı | Genel Yayın |
| Hacim / Ardışık Tanımı | 156 |
| 505 ## - BİÇİMLENDİRİLDİ İÇİNDEKİLER NOT | |
| Biçimlendirilmiş İçeriği Dikkat | ABD Türkiyeyi kuşatıyor. ; Siyonist sermayeye yeşil sermaye kılıfı geçiriliyor .; İran viran olursa, sıra Türkiye'ye geliyor. ; ABD şahinleri Türkiye'de şerif mi değiştiriyor ? ; İbrahim yolu mu, Abraham oyunu mu? ; NATO'dan çıkmayı tartışmak gerekiyor! ; Türk ve Amerikan ekonomilerinin birlikte çöküşü hızlanıyor! ; Türkiye Kuzey Irak batağı ve ''Türk Saddam'' oluşturma hazırlığı sürüyor. ; Derin devlet senaryosu ve Hamas konularında hedef saptırıyorlar. ; İran turandır. Türkiye arkadan bıçaklanıyor. ; ABD, Karadeniz'e yerleşiyor. ; sorun PKK mı AKP mi ? ; AKP önünü göremiyor. ; Karanlık senaryolar hazırlanıyor. ; Türkiye-ABD ilişkileri ve milli çıkarlarımız çelişiyor. |
| 650 ## - KONU KATMA GİRİŞ - TOPİKAL DÖNEM | |
| Topikal Süreli Veya Coğrafi Ad Giriş Elemanı | Siyasal partiler |
| Genel Alt Bölümü | AKP |
| Kronolojik Alt Bölümü | Eleştiriler |
| 650 ## - KONU KATMA GİRİŞ - TOPİKAL DÖNEM | |
| Topikal Süreli Veya Coğrafi Ad Giriş Elemanı | Siyaset ve yönetim |
| Genel Alt Bölümü | Türkiye |
| 650 ## - KONU KATMA GİRİŞ - TOPİKAL DÖNEM | |
| Topikal Süreli Veya Coğrafi Ad Giriş Elemanı | Dış politika |
| Genel Alt Bölümü | Türkiye |
| 740 ## - KATMA GİRİŞ - KONTROLSUZ İLGİLİ / ANALİTİK BAŞLIK | |
| Kontrol Edilmeyen / İlgili Analitik Başlıktaki | Türkiye uçuruma sürükleniyor |
| 942 ## - EKLENDİ GİRİŞ ELEMANLARI (KOHA) | |
| Sınıflandırma Veya Raf Düzeni Kaynak | |
| Koha Öğesi Türü | Books |
| 999 ## - SİSTEM KONTROL NUMARALARI (KOHA) | |
| Koha Biblionumber | 160 |
| Koha Biblioitemnumber | 160 |
| Kalıcı Konum | Mevcut Konum | Edinme Tarihi | Edinim Kaynak | Toplam Check-Out'Lar | Tam Çağrı Numarası | Barkod | Tarih Son Görülme | İtibaren Geçerli Fiyatlar | Koha Öğesi Türü |
|---|---|---|---|---|---|---|---|---|---|
| CHP Kütüphanesi | CHP Kütüphanesi | 05/15/2017 | Bağış | 327.1 A43b 2007 | 017001 | 05/15/2017 | 05/15/2017 | Books |
